000 00156 a2200073 4500
020 _a9780736063685
082 _a613.71 DEL
245 _aSTRENGTH TRAINING ANATOMY
999 _c791937
_d791936
942 _w223
_xZanele Mgwenya
_y223
_zZanele Mgwenya